| 000 | 00551nam a22001697a 4500 | ||
|---|---|---|---|
| 003 | OSt | ||
| 005 | 20260130110158.0 | ||
| 008 | 260130b |||||||| |||| 00| 0 eng d | ||
| 040 | _cMRSPTU | ||
| 041 | _aEnglish | ||
| 100 | _aBharat Bhushan Jindal, Supervisor: Dhirendra Singhal | ||
| 245 | _aComparative Study of Design of Water Tanks with Reference to IS : 3370 | ||
| 260 |
_bDepartment of Civil Engg. MRSPTU, Bathinda _c2011 |
||
| 650 | _aCivil Engineering | ||
| 856 | _uhttp://163.47.215.52:8080/jspui/handle/123456789/992 | ||
| 942 |
_2ddc _cTH _n0 |
||
| 999 |
_c10802 _d10802 |
||